| 000 | 00970cam a2200241 4500 | ||
|---|---|---|---|
| 001 | E11435 | ||
| 008 | 000000n2004 000 0 eng u | ||
| 022 | _a0952-4053 | ||
| 035 | _a(Sirsi) u126552 | ||
| 041 | _aeng. | ||
| 050 |
_a690.24 _c18 |
||
| 110 |
_aBuilding Maintenance Information _93229 |
||
| 245 |
_aBMI quarterly cost briefing _bbuilding maintenance costs - issues 84, 85, 86, 87 (March, June, September, December 2004) |
||
| 260 |
_aLondon _bRICS _c2004 |
||
| 300 |
_a32p. _b30cm. |
||
| 490 |
_aBMI Quarterly Cost Briefing _v330 |
||
| 490 |
_aBMI Quarterly Cost Briefing _v333 |
||
| 490 |
_aBMI Quarterly Cost Briefing _v334 |
||
| 490 |
_aBMI Quarterly Cost Brieing _v336 |
||
| 520 | _aThis item is part of a subscription service and cannot be photocopied. Neither can any part of it be read over the phone. Please contact BMI direct on t +44 (0)20 7695 1500 for details. | ||
| 690 | _aBUILDING AND CONSTRUCTION-REPAIRS AND MAINTENANCE | ||
| 942 | _n0 | ||
| 999 |
_c103628 _d103628 |
||